Marques de bières les plus vendues en France - Statistiques

Statistiques générales
  • Ce quiz a été pris 778 fois
  • Le résultat moyen est 5 sur 10
Statistiques - réponses
Classement Marques % Correct
1er Heineken
95%
2ème Leffe
82%
3ème 1664
81%
4ème Despérado
74%
5ème Kronenbourg
61%
6ème Grimbergen
47%
10ème Bud
31%
8ème Affligem
23%
9ème Pelforth
22%
7ème Tourtel Twist
6%
Aucun quiz correspondant
Distribution des résultats
% des personnes avec chaque résultat
Percentile par nombre de réponses
Votre historique - résultats
Vous n’avez pas pris ce quiz